Small Wonder (Record no. 327253)

MARC details
000 -LEADER
fixed length control field 00484nam a2200169Ia 4500
008 - FIXED-LENGTH DATA ELEMENTS--GENERAL INFORMATION
fixed length control field 230718s9999 xx 000 0 und d
020 ## - INTERNATIONAL STANDARD BOOK NUMBER
International Standard Book Number 9789380658599
041 ## - LANGUAGE CODE
Language code of text/sound track or separate title eng
082 ## - DEWEY DECIMAL CLASSIFICATION NUMBER
Classification number 629.234
Item number CHA
100 ## - MAIN ENTRY--PERSONAL NAME
Personal name Chacko P.
9 (RLIN) 115961
245 ## - TITLE STATEMENT
Title Small Wonder
Remainder of title The Making Of The Nano
260 ## - PUBLICATION, DISTRIBUTION, ETC. (IMPRINT)
Date of publication, distribution, etc. 2010
Name of publisher, distributor, etc. Westland Ltd.
300 ## - PHYSICAL DESCRIPTION
Extent 149
365 ## - TRADE PRICE
Currency code Rs.
Price amount 295.00
700 ## - ADDED ENTRY--PERSONAL NAME
Personal name Chacko P.; Noronha C. & Agrawal S.
9 (RLIN) 191841
906 ## - LOCAL DATA ELEMENT F, LDF (RLIN)
d O:0155715-Feb-2011B:704403-Feb-2011
c COMP
b 73.75
Holdings
Withdrawn status Lost status Damaged status Not for loan Home library Current library Date acquired Vendor Budget Code Cost, normal purchase price Bill number Total Checkouts Full call number Barcode Date last seen Discount Cost, replacement price Bill Date Koha item type Original Barcode
        Cummins College of Engineering for Women Pune Cummins College of Engineering for Women Pune 15/02/2011 Tbs COMP 221.25 7044   629.234 CCEP-BK-38460 18/07/2023 73.75 295.00 03/02/2011 Books 038460